000 00204 a2200097 4500
001 3905
100 _aStarting, D.G
245 _aelectricity & magnitism
260 _a
_bLongmans
_c
090 _c3135
_d3135
942 _aNUST-CAE
_cM
_c23725
999 _c238978
_d238978